Paschatya sahitya thatwa saastram/ (Record no. 163792)

000 -LEADER
fixed length control field 00289nam a22001211a 4500
082 ## - DEWEY DECIMAL CLASSIFICATION NUMBER
Classification number M09
Item number THA/P
245 ## - TITLE STATEMENT
Title Paschatya sahitya thatwa saastram/
260 ## - PUBLICATION, DISTRIBUTION, ETC.
Place of publication, distribution, etc.
Name of publisher, distributor, etc.
Date of publication, distribution, etc.
650 ## - SUBJECT ADDED ENTRY--TOPICAL TERM
Topical term or geographic name entry element Literature Malayalam Criticism
650 ## - SUBJECT ADDED ENTRY--TOPICAL TERM
Topical term or geographic name entry element Literature Malayalam
650 ## - SUBJECT ADDED ENTRY--TOPICAL TERM
Topical term or geographic name entry element Literature
942 ## - ADDED ENTRY ELEMENTS (KOHA)
Koha item type Book
Holdings
Withdrawn status Lost status Damaged status Not for loan Permanent Location Current Location Shelving location Date acquired Total Checkouts Full call number Barcode Date last seen Price effective from Koha item type
        RC Thiruvananthapuram RC Thiruvananthapuram   24.10.2018   M09 THA/P TV017657 24.10.2018 24.10.2018 Book